000 00713nam a2200217 a 4500
001 10906
003 CO-ViMGA
008 141112s2004 ck r 000 u spa d
040 _aCO-ViMGA
_bspa
_cCO-ViMGA
082 0 4 _aR498.03 V62
100 1 _aArbeláez Giraldo, Jorge
_914961
245 1 0 _aVocabulario Bilingue Huitoto - Español, Español - Huitoto
250 _a1
260 _aLomalinda,
_cMeta,
_cColombia,
_cEditorial Townsend,
_c1987
300 _a317 p, lams
650 1 4 _aESPAÑOL - DICCIONARIOS - HUITOTO
_914962
650 1 4 _aHUITOTO - DICCIONARIOS
_914963
650 1 4 _aLENGUAS INDIGENAS - COLOMBIA - DICCIONARIOS
_914964
650 1 4 _aMINICA - DICCIONARIOS - ESPAÑOL
_914965
942 _2ddc
_cBK
999 _c22126
_d22126